Score 0/11 Timer 04:00
0 Plays Today
Letters Missing Word % Correct
2Do
95.3%
4Game
95%
1Z
94.5%
7Odyssey
91.3%
5Harsh
49.7%
8Darkness
30.4%
11Illustrated
28.7%
9Leibowitz
23.3%
10Themselves
16.3%
3Age
15.5%
6Season
12.1%

You're not logged in!

Compare scores with friends on all Sporcle quizzes.
OR
Log In

Sporcle TV

Today on Sporcle TV


Watch our educational content, quiz creation guides, and fun videos on Sporcle TV.

Show Comments

Extras

Top Quizzes Today


Score Distribution

Paid Content

Your Account Isn't Verified!

In order to create a playlist on Sporcle, you need to verify the email address you used during registration. Go to your Sporcle Settings to finish the process.

Report this User

Report this user for behavior that violates our Community Guidelines.

Details: